000 00386nam a22001577a 4500
003 OSt
005 20160526104138.0
008 160526b xxu||||| |||| 00| 0 eng d
020 _a978-0-7897-4444-9
040 _cN/A
050 _aTK5105.8885
_b.D74 J643 2010
100 _aJohnson Steve
245 _aDreamweaver CS5 on Demand
260 _bQue Publishing
_c2010
942 _2lcc
_cBK
999 _c254062
_d254061